| 000 | nam a22 a 4500 | ||
|---|---|---|---|
| 999 |
_c390036 _d390036 |
||
| 003 | BLK | ||
| 005 | 20201014123834.0 | ||
| 008 | 201014b bu ||||| |||| 00| 0 bu d | ||
| 040 | _aBLK | ||
| 041 |
_aBUL _cBUL |
||
| 080 |
_aАнтропогенезис. Произход на човека. Вж и 575.8 _b572.1/.4 _z572.1/.4 |
||
| 100 |
_91299 _aДьобиер, Шарл Мари _eпърви автор |
||
| 245 |
_aПървобитните люди _bАнтропологични беседи _cШарл Дебер ; Прев. от рус. Триндафилов |
||
| 260 |
_9209596 _aПловдив _bХристо Г. Данов _c1896 |
||
| 300 |
_a191 с. _bс ил. _c25 см |
||
| 380 | _a5 | ||
| 490 |
_9435080 _aКолекция Редки и ценни издания |
||
| 500 | _aСъдържа и: За първобитните люди в България / К. Шкорпил | ||
| 650 | 0 |
_9287987 _aПървобитно общество - бит и култура |
|
| 653 | 7 |
_9194997 _aпървобитно общество |
|
| 700 |
_91121 _aТриндафилов _eпрев. от рус. |
||
| 852 |
_aРб 896 _bРц |
||
| 942 |
_cKNG _n0 _s1 |
||
| 944 |
_aCR _c2020-10-14 _kВЙ |
||
| 999 | _d390036 | ||